000 00300nam a2200145Ia 4500
005 20260513122052.0
020 _a9783031649073
100 _aPapadopoulos
365 _c
365 _b28.00
942 _cBK
245 _aLinear Algebra for Physics
260 _bSpringer
999 _c66
_d66